| 000 | 00799pam a2200277 a 4500 | ||
|---|---|---|---|
| 001 | 1070872 | ||
| 005 | 20180312080513.0 | ||
| 008 | 910712s1992 paua b 001 0 eng c | ||
| 010 | _a 91027885 | ||
| 020 | _a0721655084 | ||
| 040 |
_aDNLM/DLC _cDLC _dDLC |
||
| 041 | _aeng | ||
| 060 | _aWB 400 M214k | ||
| 080 | _a615.854 MAH | ||
| 082 | 0 | 0 |
_a615.854 MAH _220 |
| 100 | 1 | _a9 | |
| 101 | _aNUT | ||
| 245 | 1 | 0 | _aKrause's food, nutrition, & diet therapy. |
| 504 | _aIncludes bibliographical references and index. | ||
| 740 | 0 | _aKrause's food, nutrition, and diet therapy. | |
| 740 | 0 | _aFood, nutrition & diet therapy. | |
| 740 | 0 | _aFood, nutrition, and diet therapy. | |
| 906 |
_a7 _bcbc _corignew _d1 _eocip _f19 _gy-gencatlg |
||
| 942 |
_2ddc _cBK |
||
| 999 |
_c44730 _d44730 |
||